| 000 | 00359nam a2200145Ia 4500 | ||
|---|---|---|---|
| 008 | 150201s1983 xx 000 0 und d | ||
| 082 |
_a612 _bP1983S |
||
| 100 | _aSTRAND,FLEUR L. | ||
| 245 | _aPHYSIOLOGY : A REGULATORY SYSTEM APPROACH | ||
| 250 | _a2ND | ||
| 260 |
_bMACMILLAN _aNEW YORK _c1983 |
||
| 300 | _a1-670 | ||
| 650 | _aPHYSIOLOGY | ||
| 942 |
_2ddc _cBK |
||
| 999 |
_c3206 _d3206 |
||